The silent men : (Record no. 14256)

000 -LEADER
fixed length control field 00485cam a2200169 a 4500
020 ## - INTERNATIONAL STANDARD BOOK NUMBER
ISBN 186448991X
040 ## - CATALOGING SOURCE
Transcribing agency DLC
082 00 - DEWEY DECIMAL CLASSIFICATION NUMBER
Classification number 940 ALL 1999 A103 Or.
100 1# - MAIN ENTRY--AUTHOR NAME
Personal name Dornan, Peter,
245 14 - TITLE STATEMENT
Title The silent men :
Remainder of title Syria to Kokoda and on to Gona /
260 ## - PUBLICATION, DISTRIBUTION, ETC. (IMPRINT)
Place of publication St. Leonards, NSW, Australia :
Name of publisher Allen & Unwin,
Year of publication 1999.
300 ## - PHYSICAL DESCRIPTION
Number of Pages xxix, 202 p. :
Other physical details maps ;
Dimensions 23 cm.
650 #0 - SUBJECT ADDED ENTRY--TOPICAL TERM
Topical Term World War, 1939-1945
650 #0 - SUBJECT ADDED ENTRY--TOPICAL TERM
Topical Term World War, 1939-1945
650 #0 - SUBJECT ADDED ENTRY--TOPICAL TERM
Topical Term World War, 1939-1945
942 ## - ADDED ENTRY ELEMENTS (KOHA)
Koha item type សៀវភៅភាសាអង់គ្លេស
952 ## - LOCATION AND ITEM INFORMATION (KOHA)
Withdrawn status [LOCAL, KOHA] 0
Holdings
Permanent Location Date acquired Koha item type Lost status Shelving location Barcode Current Location Full call number
Library Block A2017-10-11សៀវភៅភាសាអង់គ្លេស A103A17509Library Block A940 ALL 1999 A103 Or.
មជ្ឈមណ្ឌលឯការនៃសាកលវិទ្យាល័យភូមិន្ទកសិកម្មចំការដូង

Powered by Koha